| 000 | 01044cam a2200241 4500 | ||
|---|---|---|---|
| 001 | ABS65596 | ||
| 008 | 020710n2002 000 0 eng u | ||
| 035 | _a(Sirsi) u118754 | ||
| 100 | _aEade, C. | ||
| 245 | _aShow me the money | ||
| 260 | _c2002 | ||
| 490 |
_aProperty Week _v 8 June 2002, 48(1) |
||
| 520 | _aAmerica mall owners can draw as much as 20% of their income from such innovation, as renting space to barrow boys, video-wall operators and banks for automatic cash-machines. In Britain mall owners have been slow to catch on but Stannifer Corovest is bringing these ideas into use in four British shopping centres, High Wycombe, Harlow, Burnley and Cardiff. However, some like John Gray manager of Next would rather not have cheap goods sold outside his shops. | ||
| 590 | _aABS | ||
| 650 | _aSHOPPING CENTRES | ||
| 650 | _aSHOPPING MALLS | ||
| 650 | _aSTANNIFER COROVEST | ||
| 650 | _aHIGH WYCOMBE | ||
| 650 | _aCARDIFF | ||
| 650 | _aBURNLEY | ||
| 690 | _aPROPERTY-COMMERCIAL PROPERTY-RETAIL PROPERTY | ||
| 942 | _n0 | ||
| 999 |
_c70695 _d70695 |
||